[Event "Mexican op 70th"]
[Site "Mexico City"]
[Date "2025.04.16"]
[Round "4"]
[White "Gracia Alvarez, Gerardo Antonio"]
[Black "Guillen Cristobal, Sandra Nayeli"]
[Result "1/2-1/2"]
[WhiteElo "2279"]
[BlackElo "2005"]
[PlyCount "49"]
[EventDate "2025.04.14"]
[EventType "swiss"]
[EventRounds "9"]
[EventCountry "MEX"]
[SourceTitle "CB17_2025"]
[SourceDate "2025.04.23"]
[SourceVersion "1"]
[SourceVersionDate "2025.04.23"]
[SourceQuality "1"]

1. e4 c5 2. d4 cxd4 3. Qxd4 e6 4. Nc3 Nc6 5. Qd3 Nf6 6. Bf4 e5 7. Bg5 Bb4 8. Nge2 h6 9. Bxf6 Qxf6 10. f3 0-0 11. 0-0-0 d6 12. Nd5 Qg5+ 13. Qe3 Qxe3+ 14. Nxe3 Be6 15. Nd5 Bxd5 16. Rxd5 Bc5 17. Rd1 b5 18. Nc3 b4 19. Nd5 Rab8 20. Bc4 Nd4 21. Bb3 Kh7 22. Rhe1 a5 23. Ba4 Rb7 24. Kd2 Rc8 25. Rb1 1/2-1/2

[Event "Veracruz op 2nd"]
[Site "Xalapa"]
[Date "2024.04.27"]
[Round "4"]
[White "Guillen Cristobal, Sandra Nayeli"]
[Black "Vega Castaneda, Luis Carlos"]
[Result "1-0"]
[WhiteElo "1966"]
[BlackElo "1858"]
[PlyCount "89"]
[EventDate "2024.04.25"]
[EventType "swiss"]
[EventRounds "6"]
[EventCountry "MEX"]
[SourceTitle "CBM 219 Extra"]
[Source "ChessBase"]
[SourceDate "2024.05.31"]
[SourceVersion "1"]
[SourceVersionDate "2024.05.31"]
[SourceQuality "1"]

1. e4 Nc6 2. Nf3 e6 3. d4 d5 4. e5 f6 5. exf6 Nxf6 6. Bb5 Bd6 7. 0-0 0-0 8. c4 Ne4 9. c5 Bf4 10. Bxc6 bxc6 11. Nc3 Nxc3 12. bxc3 e5 13. Bxf4 exf4 14. Ne5 f3 15. g3 Ba6 16. Re1 Be2 17. Qd2 Rf6 18. h3 Qc8 19. Kh2 Rh6 20. g4 Qd8 21. g5 Rh4 22. Rg1 g6 23. Rg3 Qf8 24. Rb1 Re4 25. Nd7 Qf5 26. Nf6+ Kh8 27. Nxe4 dxe4 28. Rb7 Re8 29. Qe3 Qc8 30. Rxa7 Qb8 31. Ra4 Qb1 32. Rg1 Qd3 33. Kg3 Rf8 34. Qc1 e3 35. d5 exf2 36. Kxf2 Qxd5 37. Qe3 Qf5 38. Rgg4 Qb1 39. Rgf4 Qf1+ 40. Kg3 Qe1+ 41. Qf2 Qxf2+ 42. Kxf2 Rb8 43. Rab4 Ra8 44. a4 Ra5 45. Rf7 1-0

[Event "Carlos Torre Memorial op 33rd"]
[Site "Merida"]
[Date "2023.12.17"]
[Round "6"]
[White "Vega Lezama, Maximo Fernando"]
[Black "Guillen Cristobal, Sandra Nayeli"]
[Result "1/2-1/2"]
[WhiteElo "1845"]
[BlackElo "1971"]
[PlyCount "109"]
[EventDate "2023.12.15"]
[EventType "swiss"]
[EventRounds "9"]
[EventCountry "MEX"]
[SourceTitle "CBM 217 Extra"]
[Source "ChessBase"]
[SourceDate "2024.01.31"]
[SourceVersion "1"]
[SourceVersionDate "2024.01.31"]
[SourceQuality "1"]

1. d4 d5 2. Nf3 e6 3. Bf4 Nf6 4. g3 c5 5. c3 Nc6 6. dxc5 Bxc5 7. b4 Be7 8. Bg2 0-0 9. 0-0 Bd7 10. a4 a6 11. Nbd2 Rc8 12. Qb1 b5 13. axb5 axb5 14. Qd3 Qb6 15. h3 h6 16. Rfb1 Ra8 17. Be3 Qc7 18. Rxa8 Rxa8 19. Qxb5 Nxb4 20. Qb6 Qxb6 21. Bxb6 Ra6 22. Bd4 Nc6 23. Bf1 Ra8 24. e3 Rb8 25. Rxb8+ Nxb8 26. c4 dxc4 27. Bxc4 Bc6 28. Ne5 Bb7 29. Bf1 Bb4 30. Ndc4 Ne4 31. Nd3 Be7 32. Na5 Bd5 33. Nf4 Bb4 34. Nxd5 exd5 35. Ba7 Bxa5 36. Bxb8 Be1 37. f3 Nxg3 38. Bxg3 Bxg3 39. Bb5 Bd6 40. Bc6 Bc5 41. Bxd5 Bxe3+ 42. Kg2 Kf8 43. Ba2 Ke7 44. Bc4 f5 45. Bd3 Kf6 46. Ba6 Kg5 47. Bb7 Kf4 48. Bc8 Bd2 49. Bd7 Be1 50. Bc8 g6 51. Bd7 g5 52. Be8 g4 53. fxg4 fxg4 54. hxg4 Kxg4 55. Bd7+ 1/2-1/2

[Event "Carlos Torre Memorial op 33rd"]
[Site "Merida"]
[Date "2023.12.16"]
[Round "3"]
[White "Guillen Cristobal, Sandra Nayeli"]
[Black "Torres Rosas, Luis Carlos"]
[Result "0-1"]
[WhiteElo "1971"]
[BlackElo "2294"]
[PlyCount "72"]
[EventDate "2023.12.15"]
[EventType "swiss"]
[EventRounds "9"]
[EventCountry "MEX"]
[SourceTitle "CBM 217 Extra"]
[Source "ChessBase"]
[SourceDate "2024.01.31"]
[SourceVersion "1"]
[SourceVersionDate "2024.01.31"]
[SourceQuality "1"]

1. e4 e6 2. d4 d5 3. Nc3 Nf6 4. e5 Nfd7 5. f4 c5 6. Nf3 Nc6 7. Be3 a6 8. Qd2 Be7 9. Nd1 b5 10. c3 0-0 11. Bd3 b4 12. 0-0 a5 13. Bb1 Qb6 14. Kh1 a4 15. a3 bxc3 16. bxc3 cxd4 17. Bxd4 Nc5 18. Nf2 Nxd4 19. Nxd4 Nb3 20. Nxb3 axb3 21. Ng4 Rd8 22. Rf3 h5 23. Qd3 Kf8 24. Qh7 Ke8 25. Qxh5 d4 26. Be4 dxc3 27. Rxc3 Qd4 28. Nf6+ gxf6 29. Qf3 Rxa3 30. Rb1 f5 31. Bc6+ Bd7 32. Rd3 Qxd3 33. Qxd3 Bxc6 34. Qc3 Be4 35. Rg1 Rb8 36. Qc7 Raa8 0-1

[Event "Carlos Torre Memorial op 33rd"]
[Site "Merida"]
[Date "2023.12.16"]
[Round "4"]
[White "Sarmiento Torres, Mauro"]
[Black "Guillen Cristobal, Sandra Nayeli"]
[Result "1-0"]
[WhiteElo "1713"]
[BlackElo "1971"]
[PlyCount "63"]
[EventDate "2023.12.15"]
[EventType "swiss"]
[EventRounds "9"]
[EventCountry "MEX"]
[SourceTitle "CBM 217 Extra"]
[Source "ChessBase"]
[SourceDate "2024.01.31"]
[SourceVersion "1"]
[SourceVersionDate "2024.01.31"]
[SourceQuality "1"]

1. d4 d5 2. c4 e6 3. Nf3 Nf6 4. Nc3 Be7 5. g3 0-0 6. Bg2 c6 7. 0-0 Nbd7 8. b3 Re8 9. Re1 Bb4 10. Bd2 dxc4 11. bxc4 e5 12. Qb3 Ba5 13. e3 h6 14. Rad1 exd4 15. exd4 Rxe1+ 16. Bxe1 Nf8 17. d5 cxd5 18. cxd5 Rb8 19. Ne5 Bd7 20. Nc4 Bxc3 21. Bxc3 Ng6 22. Ne5 b5 23. Nc6 Bxc6 24. dxc6 Qe7 25. Bb4 Qe8 26. c7 Rc8 27. Ba5 Nd7 28. Bc6 Ngf8 29. Qd5 Nf6 30. Bxe8 Nxd5 31. Rxd5 Rxe8 32. Rd8 1-0

[Event "MEX-ch (Women)"]
[Site "Mexico City"]
[Date "2023.11.12"]
[Round "9"]
[White "Guillen Cristobal, Sandra Nayeli"]
[Black "Salas Estrada, Ana Paola"]
[Result "1-0"]
[WhiteElo "1933"]
[BlackElo "1659"]
[PlyCount "90"]
[EventDate "2023.11.07"]
[EventType "swiss"]
[EventRounds "9"]
[EventCountry "MEX"]
[SourceTitle "CBM 217 Extra"]
[Source "ChessBase"]
[SourceDate "2024.01.31"]
[SourceVersion "1"]
[SourceVersionDate "2024.01.31"]
[SourceQuality "1"]

1. e4 c5 2. Nf3 g6 3. d4 cxd4 4. Nxd4 Nc6 5. c4 Bh6 6. Nc3 Qb6 7. Nb3 d6 8. Be2 Be6 9. 0-0 Bxc1 10. Rxc1 Nf6 11. Kh1 0-0 12. f4 Bd7 13. c5 Qd8 14. cxd6 Be6 15. e5 Ne8 16. dxe7 Qxe7 17. Nd4 Nxd4 18. Qxd4 Ng7 19. Bf3 Nf5 20. Qf2 Rfd8 21. Ne4 Bxa2 22. Ra1 Bc4 23. Rfc1 Rac8 24. Nf6+ Kg7 25. Qxa7 Rc7 26. Rd1 Rdc8 27. Be4 Bb3 28. Re1 Qb4 29. Bxf5 gxf5 30. Qf2 Qf8 31. Qh4 Qb4 32. Qg5+ Kf8 33. Nxh7+ Ke8 34. Nf6+ Kf8 35. Qxf5 Be6 36. Qg5 Qxb2 37. f5 Bxf5 38. Qxf5 Rc1 39. Raxc1 Rxc1 40. Qf1 Rc2 41. Ng4 Kg8 42. h3 b5 43. Rb1 Qc3 44. Qxb5 Rc1+ 45. Kh2 Kg7 1-0

[Event "MEX-ch (Women)"]
[Site "Mexico City"]
[Date "2023.11.11"]
[Round "7"]
[White "Guillen Cristobal, Sandra Nayeli"]
[Black "Miranda Rodriguez, Tania"]
[Result "0-1"]
[WhiteElo "1933"]
[BlackElo "2128"]
[PlyCount "151"]
[EventDate "2023.11.07"]
[EventType "swiss"]
[EventRounds "9"]
[EventCountry "MEX"]
[SourceTitle "CBM 217 Extra"]
[Source "ChessBase"]
[SourceDate "2024.01.31"]
[SourceVersion "1"]
[SourceVersionDate "2024.01.31"]
[SourceQuality "1"]

1. e4 e5 2. Nf3 Nc6 3. Bb5 a6 4. Ba4 Nf6 5. d3 b5 6. Bb3 Be7 7. 0-0 0-0 8. Re1 d6 9. c3 Na5 10. Bc2 c5 11. b4 cxb4 12. cxb4 Nc6 13. a3 Bg4 14. Bb2 Rc8 15. Bb3 Qb6 16. Nbd2 Nd4 17. Bxd4 exd4 18. h3 Bxf3 19. Nxf3 Nd7 20. Nh2 Rc3 21. f4 Bh4 22. Rf1 Bg3 23. Rf3 Bxh2+ 24. Kxh2 a5 25. Rg3 g6 26. f5 Ne5 27. Bd5 a4 28. Qf1 Kg7 29. f6+ Kh8 30. Qf4 Qd8 31. Rf1 Rg8 32. Qf2 Qb6 33. Qd2 Rxa3 34. Rf4 Qd8 35. Rf1 Rc3 36. Qf2 Qb6 37. Qf4 Rxd3 38. Rxd3 Nxd3 39. Qh6 Qc7 40. Rd1 Ne5 41. Rxd4 Qc2 42. Qd2 Rc8 43. Qh6 Rg8 44. Qd2 Qxd2 45. Rxd2 h6 46. Rc2 Rb8 47. Rc7 Kg8 48. Ra7 g5 49. Ra6 Nc4 50. Ra7 Ne5 51. Ra6 Kh7 52. Rxd6 Kg6 53. Ba2 Nc4 54. Rc6 Rb6 55. Rc5 Kxf6 56. Rf5+ Ke7 57. Rd5 f6 58. Kg3 Nd6 59. e5 Ne4+ 60. Kg4 Nc3 61. exf6+ Rxf6 62. Rd2 Rf4+ 63. Kh5 Nxa2 64. Rxa2 Kf6 65. g3 Rxb4 66. Kxh6 Rb3 67. Rf2+ Ke6 68. Rg2 a3 69. Kxg5 Rb2 70. Rg1 a2 71. Re1+ Kf7 72. Rf1+ Kg7 73. Ra1 b4 74. h4 b3 75. Rc1 Rc2 76. Rg1 0-1

[Event "MEX-ch (Women)"]
[Site "Mexico City"]
[Date "2023.11.10"]
[Round "5"]
[White "Corrales Jimenez, Zenia"]
[Black "Guillen Cristobal, Sandra Nayeli"]
[Result "1-0"]
[WhiteElo "2140"]
[BlackElo "1933"]
[PlyCount "67"]
[EventDate "2023.11.07"]
[EventType "swiss"]
[EventRounds "9"]
[EventCountry "MEX"]
[SourceTitle "CBM 217 Extra"]
[Source "ChessBase"]
[SourceDate "2024.01.31"]
[SourceVersion "1"]
[SourceVersionDate "2024.01.31"]
[SourceQuality "1"]

1. e4 c5 2. Nf3 Nc6 3. d4 cxd4 4. Nxd4 g6 5. c4 Bg7 6. Be3 Nf6 7. Nc3 0-0 8. Be2 d6 9. 0-0 Bd7 10. Nc2 a5 11. f4 a4 12. Kh1 Qc7 13. Rc1 Rfc8 14. c5 Nb8 15. cxd6 exd6 16. Nb4 Qa5 17. Nbd5 Rc6 18. Ne7+ Kh8 19. Nxc6 Bxc6 20. Qxd6 Na6 21. Qe7 Re8 22. Qxf7 Qb4 23. e5 Ng8 24. b3 axb3 25. Qxb3 Ne7 26. Qxb4 Nxb4 27. Bf3 Nbd5 28. Nxd5 Nxd5 29. Bxd5 Bxd5 30. a4 h5 31. a5 g5 32. fxg5 Bxe5 33. Rc5 Be4 34. Rxe5 1-0

[Event "Cancun Camara Cup 11th"]
[Site "Cancun"]
[Date "2023.10.13"]
[Round "5"]
[White "Diaz Perez, Michel Alejandro"]
[Black "Guillen Cristobal, Sandra Nayeli"]
[Result "1-0"]
[WhiteElo "2473"]
[BlackElo "1969"]
[PlyCount "67"]
[EventDate "2023.10.11"]
[EventType "swiss"]
[EventRounds "9"]
[EventCountry "MEX"]
[SourceTitle "CBM 216 Extra"]
[Source "ChessBase"]
[SourceDate "2023.11.30"]
[SourceVersion "1"]
[SourceVersionDate "2023.11.30"]
[SourceQuality "1"]

1. e4 c5 2. Nf3 Nc6 3. Bb5 g6 4. 0-0 Bg7 5. c3 e5 6. d4 cxd4 7. cxd4 exd4 8. Bf4 Nge7 9. Bd6 Qb6 10. Na3 Na5 11. e5 Nf5 12. Qe2 Nc6 13. Bc4 Nce7 14. Nb5 0-0 15. Ng5 a6 16. Bxe7 Nxe7 17. Nd6 h6 18. Ngxf7 Kh7 19. h4 Nc6 20. h5 Nxe5 21. Nxe5 Qxd6 22. hxg6+ Kh8 23. Nf7+ Rxf7 24. gxf7 b5 25. Qe4 Bb7 26. Qxb7 Rb8 27. Qd5 Qg6 28. Bb3 a5 29. a3 a4 30. Ba2 Qg4 31. Rae1 Rf8 32. Re8 Qf4 33. Rfe1 d6 34. Qa8 1-0

[Event "Cancun Camara Cup 11th"]
[Site "Cancun"]
[Date "2023.10.12"]
[Round "3"]
[White "Gutierrez Delgado, Yusuan Alfredo"]
[Black "Guillen Cristobal, Sandra Nayeli"]
[Result "1-0"]
[WhiteElo "2322"]
[BlackElo "1969"]
[PlyCount "103"]
[EventDate "2023.10.11"]
[EventType "swiss"]
[EventRounds "9"]
[EventCountry "MEX"]
[SourceTitle "CBM 216 Extra"]
[Source "ChessBase"]
[SourceDate "2023.11.30"]
[SourceVersion "1"]
[SourceVersionDate "2023.11.30"]
[SourceQuality "1"]

1. e4 c5 2. Nf3 Nc6 3. d4 cxd4 4. Nxd4 g6 5. c4 Bg7 6. Be3 Nf6 7. Nc3 d6 8. Be2 Bd7 9. 0-0 0-0 10. h3 Nxd4 11. Bxd4 Bc6 12. Qc2 a5 13. Rad1 a4 14. c5 Qa5 15. cxd6 exd6 16. a3 Rfe8 17. Bd3 Rac8 18. Rfe1 d5 19. e5 Ne4 20. f3 Nc5 21. Qf2 Nxd3 22. Rxd3 b5 23. Na2 Bf8 24. Bc3 Qa8 25. Nb4 Bb7 26. Bd4 Rc4 27. Nc2 Bc8 28. g4 Qb7 29. Kg2 Re6 30. Re2 Qc6 31. Ne3 Rxd4 32. Rxd4 Rxe5 33. Rc2 Qd7 34. Rxd5 Rxd5 35. Nxd5 Qxd5 36. Rxc8 Kg7 37. Qc2 Bd6 38. Qc3+ f6 39. Rd8 Qe6 40. Qd3 Be5 41. Rd7+ Kh6 42. Qe3+ g5 43. Qd3 f5 44. h4 gxh4 45. Kh3 Kg5 46. gxf5 Qc6 47. Qe3+ Bf4 48. Qe7+ Kxf5 49. Qxh7+ Ke5 50. Re7+ Kd6 51. Qg6+ Kc5 52. Qf5+ 1-0

[Event "Cancun Camara Cup 11th"]
[Site "Cancun"]
[Date "2023.10.11"]
[Round "1"]
[White "Fernandez Cardoso, Alexey"]
[Black "Guillen Cristobal, Sandra Nayeli"]
[Result "1-0"]
[WhiteElo "2429"]
[BlackElo "1969"]
[PlyCount "65"]
[EventDate "2023.10.11"]
[EventType "swiss"]
[EventRounds "9"]
[EventCountry "MEX"]
[SourceTitle "CBM 216 Extra"]
[Source "ChessBase"]
[SourceDate "2023.11.30"]
[SourceVersion "1"]
[SourceVersionDate "2023.11.30"]
[SourceQuality "1"]

1. e4 c5 2. Nf3 Nc6 3. d4 cxd4 4. Nxd4 Nf6 5. Nc3 d6 6. Bc4 e5 7. Nf5 a6 8. Bg5 Be6 9. Nd5 Bxd5 10. Bxd5 Qa5+ 11. c3 Nxd5 12. exd5 Nb8 13. 0-0 Nd7 14. f4 Qb6+ 15. Kh1 h6 16. Bh4 g6 17. Ng3 Bg7 18. f5 g5 19. Nh5 Bf6 20. Bf2 Qa5 21. c4 Ke7 22. a3 Qc7 23. Rc1 b6 24. b4 Rhc8 25. c5 bxc5 26. bxc5 Qa5 27. c6 Nf8 28. Nxf6 Kxf6 29. Qh5 Qxd5 30. Qxh6+ Ke7 31. Rfd1 Qa5 32. Qxd6+ Ke8 33. Bc5 1-0

[Event "Caribbean-chT Blitz 24th"]
[Site "San Salvador"]
[Date "2023.07.06"]
[Round "4.1"]
[White "Guillen Cristobal, Sandra Nayeli"]
[Black "Perez Hernandez, Vicmary C"]
[Result "0-1"]
[WhiteElo "1863"]
[BlackElo "1693"]
[PlyCount "134"]
[EventDate "2023.07.06"]
[EventType "tourn (blitz)"]
[EventRounds "15"]
[EventCountry "ESA"]
[SourceTitle "CBM 215 Extra"]
[Source "ChessBase"]
[SourceDate "2023.09.30"]
[SourceVersion "1"]
[SourceVersionDate "2023.09.30"]
[SourceQuality "1"]
[WhiteTeam "Mexico"]
[BlackTeam "Venezuela"]
[WhiteTeamCountry "MEX"]
[BlackTeamCountry "VEN"]

1. e4 c5 2. Nf3 Nc6 3. d4 cxd4 4. Nxd4 e5 5. Nb5 a6 6. N5a3 Nf6 7. Nc3 Bb4 8. Bg5 0-0 9. Be2 h6 10. Bxf6 Qxf6 11. 0-0 Bxc3 12. bxc3 b5 13. Nb1 d6 14. Nd2 Qg6 15. Kh1 f5 16. a4 bxa4 17. Rxa4 f4 18. Bc4+ Be6 19. Bd5 Bxd5 20. exd5 Ne7 21. c4 e4 22. c5 f3 23. gxf3 exf3 24. Nxf3 Qf5 25. cxd6 Nxd5 26. Rd4 Nc3 27. Qd3 Qxf3+ 28. Qxf3 Rxf3 29. d7 Rff8 30. Re1 Rad8 31. Re6 Nb5 32. Rd2 Nc7 33. Rc6 Na8 34. Rxa6 Nc7 35. Rc6 Na8 36. c4 Rf7 37. Rcd6 Nc7 38. c5 Nb5 39. R6d5 Rf6 40. Kg2 Rc6 41. Re2 Nc7 42. Rde5 Rxd7 43. Re7 Rxe7 44. Rxe7 Rxc5 45. h4 Nd5 46. Re8+ Kf7 47. Rd8 Nf6 48. Ra8 Rc4 49. Ra5 Rxh4 50. Kg3 Rg4+ 51. Kf3 Rb4 52. Ke3 Rb3+ 53. Kd4 Rb2 54. f4 Rb4+ 55. Ke5 Nd7+ 56. Kd6 Nf6 57. f5 h5 58. Ra7+ Kg8 59. Ke6 h4 60. Ra8+ Kh7 61. Kf7 Rb7+ 62. Ke6 h3 63. Ra4 Rb3 64. Kf7 Kh6 65. Rh4+ Kg5 66. Ra4 h2 67. Kxg7 h1Q 0-1

[Event "Caribbean-chT Rapid 24th"]
[Site "San Salvador"]
[Date "2023.07.05"]
[Round "15.2"]
[White "Guillen Cristobal, Sandra Nayeli"]
[Black "Jean Francois, Valencia"]
[Result "1-0"]
[WhiteElo "1889"]
[BlackElo "1336"]
[PlyCount "137"]
[EventDate "2023.07.03"]
[EventType "tourn (rapid)"]
[EventRounds "15"]
[EventCountry "ESA"]
[SourceTitle "CBM 215 Extra"]
[Source "ChessBase"]
[SourceDate "2023.09.30"]
[SourceVersion "1"]
[SourceVersionDate "2023.09.30"]
[SourceQuality "1"]
[WhiteTeam "Mexico"]
[BlackTeam "Haiti"]
[WhiteTeamCountry "MEX"]
[BlackTeamCountry "HAI"]

1. e4 e5 2. Nf3 Nc6 3. Bb5 a6 4. Ba4 Nf6 5. d3 b5 6. Bb3 d6 7. c3 Be7 8. 0-0 0-0 9. Re1 Bg4 10. h3 Bh5 11. Nbd2 d5 12. exd5 Nxd5 13. Ne4 f5 14. Ng3 Bf7 15. Nxf5 Bf6 16. a4 b4 17. Bd2 bxc3 18. bxc3 Qd7 19. Ng3 Nf4 20. d4 Rab8 21. Bxf7+ Qxf7 22. dxe5 Nd3 23. exf6 Nxe1 24. Bxe1 Qxf6 25. Qd5+ Kh8 26. Ne4 Qh6 27. Bd2 Qg6 28. Bg5 Nd8 29. Nh4 Qb6 30. Rd1 c6 31. Qc5 Qxc5 32. Nxc5 Ra8 33. Bxd8 Raxd8 34. Rxd8 Rxd8 35. Nxa6 Rd1+ 36. Kh2 Rc1 37. Nc7 Rxc3 38. a5 Ra3 39. a6 c5 40. Nf5 c4 41. Nd4 Kg8 42. Ndb5 Ra1 43. Kg3 Kf7 44. Nd6+ Ke7 45. Nxc4 Kd7 46. Nd5 Rxa6 47. f4 Rc6 48. Ne5+ Kd6 49. Nxc6 Kxd5 50. Nb4+ Ke6 51. Kf3 Kf5 52. g4+ Kg6 53. Nd3 h6 54. Ke4 Kf6 55. h4 g5 56. h5 gxf4 57. Nxf4 Kg5 58. Kf3 Kh4 59. Ng6+ Kg5 60. Kg3 Kf6 61. Kf4 Kg7 62. Kf5 Kh7 63. Kf6 Kg8 64. Nh4 Kh7 65. Nf5 Kh8 66. Kg6 Kg8 67. Kxh6 Kh8 68. Nh4 Kg8 69. Ng6 1-0

[Event "Caribbean-chT Rapid 24th"]
[Site "San Salvador"]
[Date "2023.07.04"]
[Round "7.2"]
[White "Mejia, Camila"]
[Black "Guillen Cristobal, Sandra Nayeli"]
[Result "0-1"]
[WhiteElo "1249"]
[BlackElo "1889"]
[PlyCount "87"]
[EventDate "2023.07.03"]
[EventType "tourn (rapid)"]
[EventRounds "15"]
[EventCountry "ESA"]
[SourceTitle "CBM 215 Extra"]
[Source "ChessBase"]
[SourceDate "2023.09.30"]
[SourceVersion "1"]
[SourceVersionDate "2023.09.30"]
[SourceQuality "1"]
[WhiteTeam "Honduras"]
[BlackTeam "Mexico"]
[WhiteTeamCountry "HON"]
[BlackTeamCountry "MEX"]

1. e4 c5 2. Nf3 Nc6 3. c3 d5 4. exd5 Qxd5 5. d4 Nf6 6. Bb5 cxd4 7. Nxd4 Qxg2 8. Bxc6+ bxc6 9. Qf3 Qxf3 10. Nxf3 c5 11. Be3 Bb7 12. Nbd2 e6 13. 0-0-0 a5 14. Rhe1 a4 15. a3 h5 16. h4 Ng4 17. Ng5 Be7 18. Nde4 Bxe4 19. Nxe4 Nxe3 20. Rxe3 Bxh4 21. Nxc5 Bg5 22. c4 h4 23. Kc2 Bxe3 24. fxe3 Rc8 25. Nxa4 Rxc4+ 26. Kb3 Re4 27. Re1 Ke7 28. Nc5 Rb8+ 29. Kc3 Re5 30. b4 h3 31. Kd4 Rh5 32. Ke4 Ra8 33. a4 Rh4+ 34. Kf3 Rxb4 35. Kg3 Rc4 36. Nd3 Rh8 37. Rh1 Rxa4 38. Nf4 Ra3 39. Nxh3 Rxe3+ 40. Kg2 Rexh3 41. Rxh3 Rxh3 42. Kxh3 f5 43. Kg3 g5 44. Kf3 0-1

[Event "Central America-ch (Women) 24th"]
[Site "San Salvador"]
[Date "2023.01.21"]
[Round "2"]
[White "Guillen Cristobal, Sandra Nayeli"]
[Black "Brown, Raehanna"]
[Result "1-0"]
[WhiteElo "1858"]
[BlackElo "1590"]
[PlyCount "63"]
[EventDate "2023.01.21"]
[EventType "swiss"]
[EventRounds "11"]
[EventCountry "ESA"]
[SourceTitle "CBM 212 Extra"]
[Source "ChessBase"]
[SourceDate "2023.03.31"]
[SourceVersion "1"]
[SourceVersionDate "2023.03.31"]
[SourceQuality "1"]

1. e4 c5 2. Nf3 Nc6 3. d4 cxd4 4. Nxd4 Nf6 5. Nc3 g6 6. Be3 Bg7 7. Be2 0-0 8. 0-0 d5 9. exd5 Nxd5 10. Nxc6 bxc6 11. Nxd5 cxd5 12. c3 Qd6 13. Qd2 Rd8 14. Rad1 Ba6 15. f4 e6 16. Rfe1 Bxe2 17. Qxe2 Qc7 18. Qf2 Qa5 19. a3 Rdc8 20. g4 Rc4 21. h3 Bh6 22. Bd4 Qc7 23. Be5 Qb7 24. Re2 Re8 25. Rde1 Bf8 26. Bd4 a6 27. f5 Rc6 28. Qf4 Qd7 29. Qe5 f6 30. Qxf6 gxf5 31. Qh8+ Kf7 32. Qxh7+ 1-0

[Event "Central America-ch (Women) 24th"]
[Site "San Salvador"]
[Date "2023.01.21"]
[Round "6"]
[White "Guillen Cristobal, Sandra Nayeli"]
[Black "Gonzalez Peguero, Mary Loly"]
[Result "1-0"]
[WhiteElo "1858"]
[BlackElo "1679"]
[PlyCount "113"]
[EventDate "2023.01.21"]
[EventType "swiss"]
[EventRounds "11"]
[EventCountry "ESA"]
[SourceTitle "CBM 212 Extra"]
[Source "ChessBase"]
[SourceDate "2023.03.31"]
[SourceVersion "1"]
[SourceVersionDate "2023.03.31"]
[SourceQuality "1"]

1. e4 d6 2. d4 Nf6 3. Nc3 c6 4. Nf3 Qa5 5. Bd2 e5 6. h3 Qc7 7. Be2 Be7 8. 0-0 Nbd7 9. Be3 a5 10. a3 0-0 11. a4 Re8 12. d5 Nf8 13. Qd2 Bd7 14. Nh2 Ng6 15. Rfd1 Rac8 16. Rac1 Rf8 17. Nf1 Ne8 18. Ng3 Nh4 19. Bg5 Qd8 20. Bxe7 Qxe7 21. dxc6 bxc6 22. b3 Be6 23. Qe3 Rb8 24. Bg4 f5 25. exf5 Nxf5 26. Nxf5 Bxf5 27. Bxf5 Rxf5 28. Qe4 Qd7 29. Ne2 d5 30. Ng3 Rg5 31. Qe3 Rg6 32. Qxe5 Rb4 33. Re1 Nf6 34. Rcd1 Qa7 35. Qe6+ Kh8 36. Qc8+ Ng8 37. Re8 Qf7 38. Rf8 Qe6 39. Qxe6 Rxe6 40. Ra8 h6 41. Rxa5 Nf6 42. Ra8+ Kh7 43. a5 Rb5 44. Ra1 Re7 45. a6 Ne8 46. Nf5 Re2 47. Rxe8 Rxe8 48. Nd6 Ra8 49. Nxb5 cxb5 50. Ra5 d4 51. Kf1 Kg6 52. Ke2 Kf6 53. Rxb5 Rxa6 54. Rd5 Rc6 55. Kd2 Ke6 56. Rxd4 Ke5 57. Rd3 1-0

[Event "Olympiad Women-44"]
[Site "Chennai"]
[Date "2022.07.29"]
[Round "1.2"]
[White "Shariff, Sasha Christina"]
[Black "Guillen Cristobal, Sandra Nayeli"]
[Result "0-1"]
[WhiteElo "1183"]
[BlackElo "1962"]
[PlyCount "86"]
[EventDate "2022.07.29"]
[EventType "team-swiss"]
[EventRounds "11"]
[EventCountry "IND"]
[SourceTitle "CBM 210"]
[Source "ChessBase"]
[SourceDate "2022.10.31"]
[SourceVersion "1"]
[SourceVersionDate "2022.10.31"]
[SourceQuality "1"]
[WhiteTeam "Guyana (W)"]
[BlackTeam "Mexico (W)"]
[WhiteTeamCountry "GUY"]
[BlackTeamCountry "MEX"]

1. e4 c5 2. Nf3 Nc6 3. d4 cxd4 4. Nxd4 g6 5. c4 Bg7 6. Be3 Nf6 7. Nc3 d6 8. Be2 0-0 9. 0-0 Bd7 10. b3 a5 11. Nd5 Nxe4 12. f3 Nf6 13. Nxf6+ Bxf6 14. Rb1 Qb6 15. Nc2 Qc7 16. Qd2 Rfc8 17. Bg5 Bh8 18. h4 Bf5 19. Bd3 Bxd3 20. Qxd3 Ne5 21. Qe4 e6 22. Nd4 Qc5 23. Be3 f5 24. Qxb7 Nxf3+ 25. Qxf3 Bxd4 26. Bxd4 Qxd4+ 27. Qf2 Qxf2+ 28. Rxf2 Kf7 29. Rd2 Ra6 30. Rc1 Ke7 31. Kf2 Rb6 32. Rb2 Rbc6 33. Rbc2 Rb8 34. Rb1 d5 35. c5 Rb5 36. Rbc1 e5 37. g3 Ke6 38. Kf3 d4 39. Rc4 Kd5 40. R4c2 Rbxc5 41. Rxc5+ Rxc5 42. Rxc5+ Kxc5 43. a3 h5 0-1

[Event "Pereira Gildardo Garcia Memorial-A"]
[Site "Pereira"]
[Date "2022.05.22"]
[Round "9"]
[White "Rios Parra, Alejandro"]
[Black "Guillen Cristobal, Sandra Nayeli"]
[Result "1/2-1/2"]
[WhiteElo "2220"]
[BlackElo "1962"]
[PlyCount "58"]
[EventDate "2022.05.18"]
[EventType "swiss"]
[EventRounds "10"]
[EventCountry "COL"]
[SourceTitle "CBM 208 Extra"]
[Source "ChessBase"]
[SourceDate "2022.07.31"]
[SourceVersion "1"]
[SourceVersionDate "2022.07.31"]
[SourceQuality "1"]

1. d4 g6 2. e4 Bg7 3. Nc3 c5 4. d5 d6 5. Nf3 Nf6 6. Be2 a6 7. a4 0-0 8. 0-0 Nbd7 9. Nd2 Rb8 10. f4 Qa5 11. Nc4 Qc7 12. Na3 b6 13. Qe1 Bb7 14. Qh4 e6 15. Bf3 exd5 16. exd5 Rbe8 17. Bd2 Qb8 18. g4 Qa8 19. Nc4 Qb8 20. Ne3 b5 21. axb5 axb5 22. Nxb5 Bxd5 23. Nxd5 Nxd5 24. c4 N5b6 25. b3 d5 26. Rab1 Nf6 27. f5 Ne4 28. Bh6 f6 29. Bxg7 Kxg7 1/2-1/2

[Event "Pereira Gildardo Garcia Memorial-A"]
[Site "Pereira"]
[Date "2022.05.19"]
[Round "4"]
[White "Torres, Jorge Emilio"]
[Black "Guillen Cristobal, Sandra Nayeli"]
[Result "1-0"]
[WhiteElo "2038"]
[BlackElo "1962"]
[PlyCount "113"]
[EventDate "2022.05.18"]
[EventType "swiss"]
[EventRounds "10"]
[EventCountry "COL"]
[SourceTitle "CBM 208 Extra"]
[Source "ChessBase"]
[SourceDate "2022.07.31"]
[SourceVersion "1"]
[SourceVersionDate "2022.07.31"]
[SourceQuality "1"]

1. d4 g6 2. Nf3 Bg7 3. Bf4 c5 4. e3 Nf6 5. h3 b6 6. Be2 Bb7 7. 0-0 0-0 8. c4 d6 9. Nc3 Ne4 10. Nxe4 Bxe4 11. Qd2 Nc6 12. d5 Nb4 13. Ng5 Bf5 14. e4 Bd7 15. a3 Na6 16. Nf3 Nc7 17. Bh6 b5 18. Bxg7 Kxg7 19. Qc3+ f6 20. Nd2 bxc4 21. a4 Rb8 22. Bxc4 Rb4 23. b3 Be8 24. f4 Bf7 25. Rad1 Qa8 26. Nf3 Qb7 27. Rd3 e6 28. dxe6 Nxe6 29. Rxd6 Qe7 30. e5 Kg8 31. f5 Nf4 32. Bxf7+ Rxf7 33. Qxc5 Re4 34. fxg6 hxg6 35. Qc8+ Rf8 36. Qc6 f5 37. Rd7 Qe8 38. Qb7 Nh5 39. Re7 Qd8 40. g4 fxg4 41. Qxe4 Qxe7 42. Qxg6+ Ng7 43. hxg4 Qc5+ 44. Kg2 Qe3 45. b4 Qe2+ 46. Rf2 Qc4 47. Rd2 Qf4 48. Rd3 Kh8 49. Qg5 Qe4 50. Re3 Qxb4 51. e6 Qxa4 52. e7 Qc2+ 53. Kg1 Qb1+ 54. Ne1 Re8 55. Rh3+ Kg8 56. Qd5+ Ne6 57. Qxe6+ 1-0